| 000 | 00863nam a2200205Ii 4500 | ||
|---|---|---|---|
| 003 | JO-AjNU | ||
| 008 | 230605s9999||||xx |||||||||||||| ||und|| | ||
| 020 | _a977-5225-21-3 | ||
| 040 |
_aJO-AjNU _bara _erda _cJO-AjNU |
||
| 041 | _aara | ||
| 050 | 1 | 4 | _aK3605.Z362 1994 |
| 100 | 3 |
_aالزقرد، احمد السعيد, _eauthor _946419 |
|
| 245 | 0 | 0 | _aتعويض ضحايا مرض الإيدز وإلتهاب الكبد الوبائي بسبب نقل دم ملوث: دراسة مقارنة |
| 264 | 3 | 1 | _aالمنصوره: د.ن، 1994 |
| 300 | _a132ص | ||
| 336 |
_atext _btxt _2rdacontent |
||
| 337 |
_aunmediated _bn _2rdamedia |
||
| 338 |
_avolume _bnc _2rdacarrier |
||
| 650 | 4 |
_aنقل الدم -قوانين وتشريعات - الايدز - قانون جنائي - طب - قوانين وانظمة - التعويض - قوانين وتشريعات _946420 |
|
| 999 |
_aA20192 _c23760 _d23760 |
||